Score 0/13 Timer 05:00
0 Plays Today
About the character The Character's Name % Correct
The AvatarAang
99.4%
Water benderKatara
98.1%
Transport animalAppa
96.1%
Flying animalMomo
94.2%
Water tribe warriorSokka
93.5%
Fire benderZuko
92.9%
Earth BenderToph
92.3%
Fire LordOzai
91.6%
PrincessAzula
90.3%
The last AvatarRoku
87.1%
A former AvatarKyoshi
74.2%
Old friend of the AvatarBumi
72.3%
Freedom FighterThe Duke
45.2%
Remove Ads.
Support Sporcle.
Get the best of Sporcle when you Go Orange. This ad-free experience offers more features, more stats, and more fun while also helping to support Sporcle. Thank you for becoming a member.

You're not logged in!

Compare scores with friends on all Sporcle quizzes.
OR
Log In

Show Comments

Extras

Created Nov 26, 2010ReportNominate
Tags:Avatar, Character

Top Quizzes Today


Score Distribution

Your Account Isn't Verified!

In order to create a playlist on Sporcle, you need to verify the email address you used during registration. Go to your Sporcle Settings to finish the process.

Report this User

Report this user for behavior that violates our Community Guidelines.

Details: